[Event "Hordaland-ch NGP A"]
[Site "Bergen"]
[Date "2011.06.04"]
[Round "2"]
[White "Eikeland, Erik"]
[Black "Andersson, Joakim"]
[Result "1-0"]
[WhiteElo "2077"]
[BlackElo "1710"]
[PlyCount "69"]
[EventDate "2011.06.03"]
[EventType "swiss"]
[EventRounds "5"]
[EventCountry "NOR"]
[SourceTitle "EXT 2024"]
[Source "ChessBase"]
[SourceDate "2023.10.10"]
[SourceVersion "1"]
[SourceVersionDate "2023.10.10"]
[SourceQuality "1"]

1. Nf3 Nf6 2. c4 d6 3. d4 Bg4 4. Nc3 c6 5. e4 Bxf3 6. Qxf3 e5 7. Be3 Qb6 8. 0-0-0 Qc7 9. g4 Nbd7 10. g5 Ng8 11. Bh3 f6 12. Bxd7+ Qxd7 13. dxe5 fxe5 14. c5 Qe6 15. cxd6 Bxd6 16. Qf5 Qxf5 17. exf5 Be7 18. Rhe1 Rd8 19. Bd2 Rxd2 20. Kxd2 Bxg5+ 21. Kc2 Bf4 22. Ne2 Bxh2 23. Ng3 Bxg3 24. fxg3 Nf6 25. Rxe5+ Kf7 26. Rd3 h5 27. Ra5 Nd5 28. Rb3 b5 29. Rxa7+ Kf6 30. Ra6 Kxf5 31. Rxc6 Nf6 32. Rxb5+ Kg4 33. Rc3 Ne4 34. Rb4 Kf5 35. Rf3+ 1-0

[Event "Hordaland-ch NGP A"]
[Site "Bergen"]
[Date "2011.06.03"]
[Round "1"]
[White "Rasmussen, Jonas H"]
[Black "Eikeland, Erik"]
[Result "0-1"]
[WhiteElo "1427"]
[BlackElo "2077"]
[PlyCount "104"]
[EventDate "2011.06.03"]
[EventType "swiss"]
[EventRounds "5"]
[EventCountry "NOR"]
[SourceTitle "EXT 2024"]
[Source "ChessBase"]
[SourceDate "2023.10.10"]
[SourceVersion "1"]
[SourceVersionDate "2023.10.10"]
[SourceQuality "1"]

1. e4 c6 2. d4 d5 3. exd5 cxd5 4. Nf3 Nc6 5. c4 Nf6 6. Nc3 Bg4 7. cxd5 Nxd5 8. Be2 e6 9. h3 Bf5 10. 0-0 Bb4 11. Bd2 0-0 12. Nxd5 Qxd5 13. Bxb4 Nxb4 14. a3 Nc2 15. Rc1 Rac8 16. Bd3 Nxd4 17. Nxd4 Rxc1 18. Qxc1 Bxd3 19. Qe3 Bxf1 20. Kxf1 Rd8 21. Nf3 Qd3+ 22. Qxd3 Rxd3 23. Ne5 Rb3 24. Nc4 b5 25. Na5 Rxb2 26. Nc6 Rc2 27. Nxa7 Rc5 28. Ke2 e5 29. Ke3 f6 30. g3 Kf7 31. f4 Ke6 32. fxe5 fxe5 33. Ke4 g6 34. h4 h5 35. Kf3 Kf5 36. Ke3 Kg4 37. Kf2 Kf5 38. Kf3 Ke6 39. g4 Kd5 40. gxh5 gxh5 41. Ke3 Kc4 42. Ke4 Kb3 43. Kf5 Kxa3 44. Kg5 b4 45. Kxh5 b3 46. Kg4 b2 47. h5 b1Q 48. h6 Qg6+ 49. Kf3 Rc3+ 50. Ke2 Qd3+ 51. Kf2 Rc2+ 52. Ke1 Qe2# 0-1

[Event "Bergen Grand Prix"]
[Site "Bergen"]
[Date "2010.11.27"]
[Round "2"]
[White "Eikeland, Erik"]
[Black "Lie, Terje"]
[Result "1-0"]
[WhiteElo "2006"]
[BlackElo "1271"]
[PlyCount "67"]
[EventDate "2010.11.26"]
[EventType "swiss"]
[EventRounds "5"]
[EventCountry "NOR"]
[SourceTitle "EXT 2024"]
[Source "ChessBase"]
[SourceDate "2023.10.10"]
[SourceVersion "1"]
[SourceVersionDate "2023.10.10"]
[SourceQuality "1"]

1. Nf3 Nf6 2. c4 d6 3. g3 g6 4. Bg2 Bg7 5. 0-0 0-0 6. Nc3 Nc6 7. d4 e5 8. d5 Ne7 9. e4 Bd7 10. b4 a5 11. Ba3 axb4 12. Bxb4 Nc8 13. c5 Ne8 14. Qb3 b6 15. c6 Bg4 16. Nd2 Ne7 17. a4 Bc8 18. a5 f5 19. axb6 cxb6 20. Rxa8 Nc7 21. Rfa1 fxe4 22. Ndxe4 Nxa8 23. Rxa8 Qc7 24. Bxd6 Qd8 25. Bxe7 Qxe7 26. Rxc8 Qf7 27. Bh3 Kh8 28. Be6 Qf3 29. Rxf8+ Bxf8 30. c7 Kg7 31. c8Q Kh6 32. Ne2 Qxe4 33. Qxf8+ Kg5 34. h4+ 1-0

[Event "Bergen Grand Prix"]
[Site "Bergen"]
[Date "2010.11.26"]
[Round "1"]
[White "Eikeland, Erik"]
[Black "Time, Jonathan"]
[Result "1-0"]
[WhiteElo "2006"]
[BlackElo "1639"]
[PlyCount "47"]
[EventDate "2010.11.26"]
[EventType "swiss"]
[EventRounds "5"]
[EventCountry "NOR"]
[SourceTitle "EXT 2024"]
[Source "ChessBase"]
[SourceDate "2023.10.10"]
[SourceVersion "1"]
[SourceVersionDate "2023.10.10"]
[SourceQuality "1"]

1. Nf3 e6 2. g3 f5 3. Bg2 Nf6 4. 0-0 c6 5. d3 Be7 6. c4 0-0 7. Nc3 d5 8. e4 fxe4 9. dxe4 dxc4 10. a4 b6 11. Qe2 Qd3 12. Ne5 Qxe2 13. Nxe2 Ba6 14. Rd1 Bc5 15. Nf4 Re8 16. g4 g5 17. Ne2 h6 18. h4 Rf8 19. Ng6 Nxg4 20. Nxf8 Nxf2 21. Rd8 Nd3+ 22. Kh1 Bxf8 23. Bd2 Bb7 24. Rf1 1-0

[Event "Porsgrunn U18"]
[Site "Porsgrunn"]
[Date "1996.??.??"]
[Round "?"]
[White "Balcerak, Jakob"]
[Black "Eikeland, Erik"]
[Result "1-0"]
[WhiteElo "2175"]
[BlackElo "1630"]
[PlyCount "67"]
[EventDate "1996.??.??"]
[EventType "swiss"]
[EventRounds "9"]
[EventCountry "NOR"]
[SourceTitle "EXT 2006"]
[Source "ChessBase"]
[SourceDate "2005.11.24"]
[SourceVersion "1"]
[SourceVersionDate "2005.11.24"]
[SourceQuality "1"]

1. e4 c5 2. Nf3 Nc6 3. d4 cxd4 4. Nxd4 Nf6 5. Nc3 e5 6. Ndb5 d6 7. Bg5 a6 8. Na3 b5 9. Nd5 Be7 10. Bxf6 Bxf6 11. c3 0-0 12. Nc2 Bg5 13. a4 Rb8 14. axb5 axb5 15. Bd3 Be6 16. Qe2 Bxd5 17. exd5 Ne7 18. Nb4 Qd7 19. 0-0 Ng6 20. Bxg6 hxg6 21. Ra6 Ra8 22. Rfa1 Qb7 23. g3 Rfc8 24. h4 Be7 25. Rxa8 Rxa8 26. Rxa8+ Qxa8 27. Qxb5 Qa1+ 28. Kg2 Qxb2 29. Qe8+ Bf8 30. Nc6 Qb7 31. Qd8 f6 32. Qe8 Qf7 33. Qe6 g5 34. h5 1-0

[Event "Porsgrunn U18"]
[Site "Porsgrunn"]
[Date "1996.??.??"]
[Round "?"]
[White "Eikeland, Erik"]
[Black "Ogaard, Henning"]
[Result "1-0"]
[WhiteElo "1630"]
[BlackElo "1605"]
[PlyCount "55"]
[EventDate "1996.??.??"]
[EventType "swiss"]
[EventRounds "9"]
[EventCountry "NOR"]
[SourceTitle "EXT 2006"]
[Source "ChessBase"]
[SourceDate "2005.11.24"]
[SourceVersion "1"]
[SourceVersionDate "2005.11.24"]
[SourceQuality "1"]

1. e4 e5 2. Nf3 Nf6 3. Bc4 Nc6 4. 0-0 Bc5 5. d3 0-0 6. c3 d5 7. exd5 Nxd5 8. Re1 Bg4 9. Nbd2 a6 10. h3 Bxf3 11. Nxf3 Re8 12. b4 Nxc3 13. Qb3 Nd4 14. Nxd4 Bxd4 15. Bxf7+ Kh8 16. Bxe8 Qxe8 17. Bb2 Qc6 18. Rac1 Qb6 19. Bxc3 Bxf2+ 20. Kh1 Bxe1 21. Rxe1 Qf2 22. Qd5 Re8 23. Qe4 Qxa2 24. Bxe5 Rf8 25. Re2 Rf1+ 26. Kh2 Qb1 27. Qd4 Rh1+ 28. Kg3 1-0

[Event "Porsgrunn U18"]
[Site "Porsgrunn"]
[Date "1996.??.??"]
[Round "?"]
[White "Lie, Kjetil A"]
[Black "Eikeland, Erik"]
[Result "1-0"]
[WhiteElo "2115"]
[BlackElo "1630"]
[PlyCount "35"]
[EventDate "1996.??.??"]
[EventType "swiss"]
[EventRounds "9"]
[EventCountry "NOR"]
[SourceTitle "EXT 2006"]
[Source "ChessBase"]
[SourceDate "2005.11.24"]
[SourceVersion "1"]
[SourceVersionDate "2005.11.24"]
[SourceQuality "1"]

1. e4 c5 2. d4 cxd4 3. c3 dxc3 4. Nxc3 Nc6 5. Nf3 d6 6. Bc4 e6 7. 0-0 Be7 8. Qe2 Nf6 9. Rd1 Bd7 10. Bg5 0-0 11. Bxf6 Bxf6 12. Rxd6 e5 13. Qd2 Qc8 14. Rxd7 Nd4 15. Nxd4 exd4 16. Rxd4 Qc5 17. e5 Bg5 18. Rd5 1-0